000
00249nam a22001217a 4500
082
_a
823
_b
JAI/R
100
_a
JAIN, KULDEEP
245
_a
RAPUNZEL
246
_a
RAPUNZEL
_b
RAPUNZEL
260
_a
NEW DELHI
_b
PEGASUS
_c
2025
300
_a
16
942
_c
BK
999
_c
9150
_d
9150